[Event "YUG-ch"]
[Site "Tivat"]
[Date "1994.??.??"]
[Round "11"]
[White "Velimirovic, Dragoljub"]
[Black "Marjanovic, Slavoljub"]
[Result "1-0"]
[WhiteElo "2490"]
[BlackElo "2425"]
[PlyCount "123"]
[EventDate "1994.03.??"]
[EventType "tourn"]
[EventRounds "13"]
[EventCountry "YUG"]
[EventCategory "10"]
[Source "ChessBase"]
[SourceDate "1994.12.01"]
[WhiteTeamCountry "YUG"]
[BlackTeamCountry "YUG"]

1. e4 e6 2. d4 d5 3. Nc3 Nf6 4. Bg5 dxe4 5. Nxe4 Be7 6. Bxf6 Bxf6 7. Nf3 Nd7 8.
Bd3 c5 9. Qd2 cxd4 10. Qb4 Be7 11. Qxd4 Nf6 12. Bb5+ Bd7 13. Bxd7+ Qxd7 14.
Qxd7+ Nxd7 15. O-O-O Nf6 16. Rhe1 Rc8 17. Ne5 Nxe4 18. Rxe4 Rc7 19. f4 O-O 20.
Red4 Rfc8 21. c3 h6 22. Kc2 Kf8 23. g4 Ke8 24. Re4 Rd8 25. Rg1 Rc5 26. c4 Rc7
27. g5 hxg5 28. fxg5 Bd6 29. Nf3 g6 30. Rd1 Be7 31. Rxd8+ Bxd8 32. b4 Be7 33.
Kc3 Bd6 34. h4 Bf8 35. Kb3 Bg7 36. c5 Ke7 37. Kc4 a6 38. a4 f5 39. gxf6+ Bxf6
40. Rg4 Kf7 41. Ng5+ Bxg5 42. hxg5 Ke8 43. Re4 Re7 44. Re3 Kd7 45. Rd3+ Kc7 46.
b5 Rf7 47. b6+ Kc8 48. Rd6 Rf4+ 49. Kd3 Rf5 50. Kd4 Rxg5 51. Rxe6 Kd7 52. Rd6+
Kc8 53. Rf6 Kd7 54. Rf7+ Kc8 55. Rf8+ Kd7 56. Rb8 Rg4+ 57. Kd3 Rg3+ 58. Ke4
Rg4+ 59. Kf3 Rxa4 60. Rxb7+ Kc6 61. Rc7+ Kd5 62. b7 1-0

[Event "Donner Memorial-B"]
[Site "Amsterdam"]
[Date "1994.??.??"]
[Round "1"]
[White "Velimirovic, Dragoljub"]
[Black "Pachman, Ludek"]
[Result "0-1"]
[WhiteElo "2525"]
[BlackElo "2340"]
[PlyCount "65"]
[EventDate "1994.08.??"]
[EventType "tourn"]
[EventRounds "9"]
[EventCountry "NED"]
[EventCategory "8"]
[Source "ChessBase"]
[SourceDate "1994.12.01"]
[WhiteTeamCountry "YUG"]
[BlackTeamCountry "YUG"]

1. e4 e6 2. d4 d5 3. Nc3 Nf6 4. Bg5 dxe4 5. Nxe4 Be7 6. Bxf6 Bxf6 7. Nf3 Nd7 8.
Bc4 O-O 9. Qe2 c6 10. O-O-O b6 11. g4 Qc7 12. g5 Be7 13. h4 b5 14. Bd3 c5 15.
dxc5 Nxc5 16. Nxc5 Bxc5 17. Be4 Bb7 18. Bxb7 Qxb7 19. h5 Rfd8 20. g6 Rxd1+ 21.
Rxd1 hxg6 22. hxg6 Qe7 23. Qxb5 Bxf2 24. Rd7 Be3+ 25. Kd1 Rd8 26. Rxd8+ Qxd8+
27. Ke2 Bf4 28. Qc6 e5 29. c4 fxg6 30. Qe6+ Kf8 31. c5 Qb8 32. Kd3 Qb5+ 33. Qc4
0-1

[Event "Donner Memorial-B"]
[Site "Amsterdam"]
[Date "1994.??.??"]
[Round "2"]
[White "Velimirovic, Dragoljub"]
[Black "Unzicker, Wolfgang"]
[Result "1/2-1/2"]
[WhiteElo "2525"]
[BlackElo "2430"]
[Annotator "Ernst"]
[PlyCount "95"]
[EventDate "1994.08.??"]
[EventType "tourn"]
[EventRounds "9"]
[EventCountry "NED"]
[EventCategory "8"]
[Source "ChessBase"]
[SourceDate "1994.12.01"]
[WhiteTeamCountry "YUG"]
[BlackTeamCountry "YUG"]

1. e4 e5 2. Nf3 Nc6 3. Bb5 a6 4. Ba4 Nf6 5. O-O Be7 6. Re1 b5 7. Bb3 d6 8. c3
O-O 9. h3 Na5 10. Bc2 c5 11. d4 Qc7 12. Nbd2 Bd7 13. Nf1 Nc4 14. Ng3 Rfe8 15.
d5 (15. b3 Nb6 16. Be3 h6 17. Nd2 c4 18. Rc1 a5 $14 {De Firmian-Duric/1983/})
15... Bf8 16. a4 bxa4 17. Bxa4 Reb8 18. Bxd7 Qxd7 19. b3 Nb6 20. Bg5 Ne8 21.
Ra5 Nc7 22. c4 Qe8 23. Bd2 Rb7 24. Qc2 $14 Nd7 25. Ra3 g6 26. Rb1 Qc8 27. Ne1
Ne8 28. Nd3 Be7 29. b4 Bd8 30. Rba1 cxb4 31. Bxb4 Rab8 32. Ba5 Bxa5 33. Rxa5
Rc7 34. Rc1 Nc5 35. Nxc5 Rxc5 36. Qa4 Rxa5 37. Qxa5 Rb5 $1 38. Qa4 Rc5 39. Nf1
Nf6 40. Nd2 Nd7 41. Rb1 Rc7 42. Qa3 Nc5 $10 43. Rb6 Qd8 44. Qb4 h5 45. Rb8 Rc8
46. Rxc8 Qxc8 47. Qb6 Qd7 48. f3 1/2-1/2

[Event "Donner Memorial-B"]
[Site "Amsterdam"]
[Date "1994.??.??"]
[Round "3"]
[White "Hort, Vlastimil"]
[Black "Velimirovic, Dragoljub"]
[Result "0-1"]
[WhiteElo "2555"]
[BlackElo "2525"]
[Annotator "Hecht"]
[PlyCount "126"]
[EventDate "1994.08.??"]
[EventType "tourn"]
[EventRounds "9"]
[EventCountry "NED"]
[EventCategory "8"]
[Source "ChessBase"]
[SourceDate "1994.12.01"]
[WhiteTeamCountry "YUG"]
[BlackTeamCountry "YUG"]

1. e4 c5 2. c3 e6 3. d4 d5 4. e5 Nc6 5. Nf3 Qb6 6. a3 c4 7. Nbd2 Na5 8. g3 Bd7
9. h4 h5 10. Bh3 Nh6 11. Rb1 Be7 12. O-O f5 13. Ng5 Nf7 14. Ndf3 Nxg5 15. Bxg5
Bxg5 16. Nxg5 g6 17. Bg2 Qd8 18. Nh3 Qe7 19. Qd2 O-O-O 20. Qg5 Qxg5 21. Nxg5
Rdf8 22. Rbe1 Nc6 23. Bf3 Nd8 24. Bxd5 exd5 25. e6 Rf6 26. exd7+ Kxd7 27. Re5
Rd6 28. Rfe1 Rf8 29. Re7+ Kc6 30. Nh3 Rf7 31. Re8 Kb5 32. Nf4 Ka4 33. R1e2 Nc6
34. Kf1 b5 35. Ke1 Kb3 36. Kd1 a5 37. Ne6 b4 38. axb4 axb4 39. Nc5+ Ka2 40. Kc1
Ra7 41. Rd2 Na5 42. Rb8 Nb3+ 43. Nxb3 cxb3 44. Re2 Ra4 45. Rc8 f4 46. gxf4 Rf6
47. Ree8 Raa6 48. f5 gxf5 49. Rc5 bxc3 50. Rxc3 Rfc6 51. Rb8 Rxc3+ 52. bxc3 f4
53. Rb7 Ra3 54. Rb8 Ka1 55. Rb7 b2+ 56. Rxb2 Rxc3+ 57. Rc2 Rxc2+ 58. Kxc2 Ka2
59. Kc3 Ka3 60. Kd3 Kb3 61. Ke2 Kc3 62. Kf3 Kxd4 63. Kxf4 Kc3 (63... Kc3 64.
Kg5 d4 65. f4 d3 66. f5 d2 67. f6 d1=Q 68. f7 Qd8+ 69. Kg6 Qf8 $19) 0-1

[Event "Donner Memorial-B"]
[Site "Amsterdam"]
[Date "1994.??.??"]
[Round "5"]
[White "Ligterink, Gert"]
[Black "Velimirovic, Dragoljub"]
[Result "1/2-1/2"]
[WhiteElo "2430"]
[BlackElo "2525"]
[PlyCount "81"]
[EventDate "1994.08.??"]
[EventType "tourn"]
[EventRounds "9"]
[EventCountry "NED"]
[EventCategory "8"]
[Source "ChessBase"]
[SourceDate "1994.12.01"]
[WhiteTeamCountry "YUG"]
[BlackTeamCountry "YUG"]

1. d4 c5 2. d5 Nf6 3. c4 g6 4. Nc3 Bg7 5. e4 O-O 6. Nf3 d6 7. Be2 e6 8. O-O
exd5 9. exd5 Re8 10. Bf4 Na6 11. Qd2 Nc7 12. Rfe1 Bg4 13. h3 Bxf3 14. Bxf3 Qd7
15. Rxe8+ Rxe8 16. Re1 a6 17. a4 b6 18. b3 Rxe1+ 19. Qxe1 Nfe8 20. g4 b5 21.
axb5 axb5 22. Nxb5 Nxb5 23. cxb5 Qxb5 24. Qe4 Kf8 25. Bd1 Qa5 26. Kg2 Qc3 27.
g5 Be5 28. Be3 Ng7 29. Bg4 Qe1 30. Qc2 Qa5 31. Qe4 Qb6 32. Qa4 Nf5 33. Bxf5
gxf5 34. f4 Bc3 35. h4 Qb4 36. Qxb4 Bxb4 37. Kf3 Ke8 38. Ke2 Kd7 39. Bd2 Ba3
40. Kd3 Kc7 41. Kc4 1/2-1/2

[Event "Donner Memorial-B"]
[Site "Amsterdam"]
[Date "1994.??.??"]
[Round "6"]
[White "Velimirovic, Dragoljub"]
[Black "Ree, Hans"]
[Result "1-0"]
[WhiteElo "2525"]
[BlackElo "2440"]
[PlyCount "23"]
[EventDate "1994.08.??"]
[EventType "tourn"]
[EventRounds "9"]
[EventCountry "NED"]
[EventCategory "8"]
[Source "ChessBase"]
[SourceDate "1994.12.01"]
[WhiteTeamCountry "YUG"]
[BlackTeamCountry "YUG"]

1. e4 e6 2. d4 d5 3. Nc3 Nf6 4. Bg5 Be7 5. e5 Ng8 6. Be3 b6 7. h4 h5 8. g4 g6
9. gxh5 Rxh5 10. Nf3 Bxh4 11. Rxh4 Rxh4 12. Bg5 1-0

[Event "Donner Memorial-B"]
[Site "Amsterdam"]
[Date "1994.??.??"]
[Round "9"]
[White "Hartoch, Robert"]
[Black "Velimirovic, Dragoljub"]
[Result "0-1"]
[WhiteElo "2345"]
[BlackElo "2525"]
[Annotator "Ribli"]
[PlyCount "80"]
[EventDate "1994.08.??"]
[EventType "tourn"]
[EventRounds "9"]
[EventCountry "NED"]
[EventCategory "8"]
[Source "ChessBase"]
[SourceDate "1994.12.01"]
[WhiteTeamCountry "YUG"]
[BlackTeamCountry "YUG"]

1. Nf3 c5 2. c4 g6 3. g3 Bg7 4. Bg2 e5 5. Nc3 Ne7 6. O-O Nbc6 7. a3 O-O 8. Rb1
a5 9. Ne1 (9. d3 $5) 9... d6 10. Nc2 Bf5 (10... Be6 11. Ne3 Rb8 12. Ned5 b6 13.
d3 Qd7 14. Qa4 Rfd8 15. Bg5 Kf8 16. b4 $14 {
Scarella,E-Rodriguez,And/San Martin/1994/CBM42/}) 11. d3 Qd7 12. b4 cxb4 13.
axb4 Bh3 14. Bxh3 (14. bxa5 Rxa5 15. Ne3 $14) 14... Qxh3 15. bxa5 Rxa5 16. Rb5
(16. Ne3 $5 e4 17. Ncd5 $5 (17. Nb5 $5 $14)) 16... Rxb5 17. cxb5 $6 (17. Nxb5
$5) 17... Nd8 18. Ba3 Qd7 19. Ne3 Ne6 20. Nc4 Nc8 21. Qb1 Rd8 22. Rc1 (22. e4
Nd4 $13) 22... d5 23. Nd2 Nb6 24. Nf3 Rc8 $15 25. Qb3 e4 26. dxe4 Rxc3 $1 27.
Rxc3 dxe4 28. Bb2 (28. Ne1 Qd2 $19) 28... exf3 29. Rxf3 Bxb2 30. Qxb2 Qd1+ 31.
Kg2 Qd5 32. Qf6 Qd7 33. h4 h5 34. Qe5 Nc4 35. Qf6 Nc5 36. Qf4 Qd5 37. Qb8+ Kg7
38. Kh2 Ne5 39. Rf4 Ne6 40. e4 Qd4 0-1

[Event "YUG-chT"]
[Site "Nis"]
[Date "1994.??.??"]
[Round "?"]
[White "Benderac, Srdjan"]
[Black "Velimirovic, Dragoljub"]
[Result "0-1"]
[WhiteElo "2235"]
[BlackElo "2490"]
[PlyCount "122"]
[EventDate "1994.10.??"]
[EventType "team"]
[EventRounds "11"]
[EventCountry "YUG"]
[Source "ChessBase"]
[SourceDate "1996.11.15"]
[WhiteTeamCountry "YUG"]
[BlackTeamCountry "YUG"]

1. e4 c5 2. c3 e6 3. d4 d5 4. e5 Nc6 5. Nf3 Bd7 6. a3 c4 7. Nbd2 Na5 8. g3 h5
9. h4 Ke7 10. Bg2 Nh6 11. Rb1 Qb6 12. Nf1 Qb3 13. Qxb3 Nxb3 14. Bg5+ f6 15.
exf6+ gxf6 16. Bf4 Ng4 17. N1d2 Na5 18. O-O Rc8 19. Rfe1 Rc6 20. Nh2 Nxh2 21.
Kxh2 Kf7 22. Re2 Bd6 23. Rbe1 Bxf4 24. gxf4 Rd6 25. Nf1 Nc6 26. Ng3 Ne7 27. f5
Nxf5 28. Nxf5 exf5 29. Re7+ Kf8 30. Bh3 Rg8 31. Rh7 Rg7 32. Rxh5 Rb6 33. Re2
Re6 34. Rxe6 Bxe6 35. Bxf5 Kf7 36. Bxe6+ Kxe6 37. f4 Kd6 38. f5 Re7 39. Rh6
Re2+ 40. Kg3 Rxb2 41. Rxf6+ Ke7 42. Re6+ Kf7 43. Rd6 Rb3 44. Kf4 Rxc3 45. Ke5
Re3+ 46. Kf4 Re4+ 47. Kf3 Rxd4 48. Rd7+ Kf6 49. Rxb7 Rxh4 50. Rxa7 Kxf5 51. a4
Ke5 52. a5 Kd4 53. a6 Rh6 54. Ra8 Re6 55. a7 Re7 56. Kf2 c3 57. Kf3 Kd3 58. Rd8
Rf7+ 59. Kg2 Rxa7 60. Rxd5+ Kc4 61. Rd8 Rc7 0-1

[Event "YUG-chT"]
[Site "Nis"]
[Date "1994.??.??"]
[Round "?"]
[White "Damljanovic, Branko"]
[Black "Velimirovic, Dragoljub"]
[Result "0-1"]
[WhiteElo "2560"]
[BlackElo "2490"]
[PlyCount "77"]
[EventDate "1994.10.??"]
[EventType "team"]
[EventRounds "11"]
[EventCountry "YUG"]
[Source "ChessBase"]
[SourceDate "1996.11.15"]
[WhiteTeamCountry "YUG"]
[BlackTeamCountry "YUG"]

1. d4 c5 2. d5 Nf6 3. c4 e6 4. Nc3 exd5 5. cxd5 d6 6. e4 g6 7. f3 Bg7 8. Bg5
O-O 9. Qd2 Re8 10. Nge2 a6 11. Ng3 Nbd7 12. Be2 b5 13. O-O c4 14. Rfc1 Nc5 15.
Rab1 Bd7 16. b4 cxb3 17. axb3 b4 18. Nd1 a5 19. Be3 h5 20. Nf2 Qe7 21. Bxc5
dxc5 22. d6 Qe5 23. f4 Qd4 24. Qxd4 cxd4 25. Bf3 h4 26. Nf1 Be6 27. e5 Nd5 28.
Bxd5 Bxd5 29. Nd2 f6 30. Rc5 Be6 31. Nf3 Bf5 32. Re1 fxe5 33. fxe5 a4 34. bxa4
b3 35. Nxd4 Bxe5 36. Nxf5 Bxd6 37. Rcc1 Rxe1+ 38. Rxe1 gxf5 39. Rb1 0-1

[Event "YUG-chT"]
[Site "Nis"]
[Date "1994.??.??"]
[Round "?"]
[White "Inkiov, Ventzislav"]
[Black "Velimirovic, Dragoljub"]
[Result "1/2-1/2"]
[WhiteElo "2465"]
[BlackElo "2490"]
[PlyCount "37"]
[EventDate "1994.10.??"]
[EventType "team"]
[EventRounds "11"]
[EventCountry "YUG"]
[Source "ChessBase"]
[SourceDate "1996.11.15"]
[WhiteTeamCountry "YUG"]
[BlackTeamCountry "YUG"]

1. e4 c5 2. Nf3 Nc6 3. d4 cxd4 4. Nxd4 Nf6 5. Nc3 g6 6. Be3 Bg7 7. Be2 O-O 8.
O-O d6 9. Qd2 Bd7 10. f4 Nxd4 11. Bxd4 Bc6 12. Qe3 Nd7 13. e5 dxe5 14. fxe5 Qa5
15. e6 Bxd4 16. Qxd4 Qb6 17. Qxb6 Nxb6 18. exf7+ Rxf7 19. Bg4 1/2-1/2

[Event "YUG-chT"]
[Site "Nis"]
[Date "1994.??.??"]
[Round "?"]
[White "Tosic, Miroslav"]
[Black "Velimirovic, Dragoljub"]
[Result "1-0"]
[WhiteElo "2445"]
[BlackElo "2490"]
[PlyCount "79"]
[EventDate "1994.10.??"]
[EventType "team"]
[EventRounds "11"]
[EventCountry "YUG"]
[Source "ChessBase"]
[SourceDate "1996.11.15"]
[WhiteTeamCountry "YUG"]
[BlackTeamCountry "YUG"]

1. b4 e5 2. a3 d5 3. Bb2 Bd6 4. c4 dxc4 5. e3 Be6 6. Qc2 Nf6 7. Nf3 Nc6 8. Ng5
Bg4 9. Bxc4 Bh5 10. Nc3 Bg6 11. d3 O-O 12. O-O Kh8 13. Nce4 Nxe4 14. Nxe4 f5
15. Nxd6 cxd6 16. f4 Qb6 17. Qf2 Rae8 18. Rae1 Bf7 19. Qg3 Bxc4 20. dxc4 Re6
21. fxe5 Nxe5 22. c5 Qc6 23. Rd1 Rg6 24. Rxd6 Rxg3 25. Rxc6 Rxg2+ 26. Kxg2 Nxc6
27. e4 f4 28. Kf3 Kg8 29. Rd1 a6 30. Rd7 Rf7 31. Rxf7 Kxf7 32. Kxf4 g6 33. Kg5
Nd8 34. Kf4 Ke6 35. Bc3 Nc6 36. h3 h6 37. Bg7 h5 38. Bc3 Kf7 39. Kg5 Nd8 40.
Kf4 1-0

[Event "YUG-chT"]
[Site "Nis"]
[Date "1994.??.??"]
[Round "?"]
[White "Velimirovic, Dragoljub"]
[Black "Komliakov, Viktor"]
[Result "1-0"]
[WhiteElo "2490"]
[BlackElo "2445"]
[PlyCount "47"]
[EventDate "1994.10.??"]
[EventType "team"]
[EventRounds "11"]
[EventCountry "YUG"]
[Source "ChessBase"]
[SourceDate "1996.11.15"]
[WhiteTeamCountry "YUG"]
[BlackTeamCountry "YUG"]

1. e4 g6 2. d4 Bg7 3. Nc3 c6 4. f4 d5 5. e5 Nh6 6. Nf3 f6 7. h3 Nf5 8. g4 Ng3
9. Rg1 Nxf1 10. Rxf1 h5 11. Qd3 f5 12. gxh5 Rxh5 13. Rg1 Rxh3 14. Rxg6 Rh1+ 15.
Kf2 Kf7 16. Rg2 Qh8 17. Ne2 Bh6 18. Ng3 Rh3 19. Nxf5 Bxf4 20. Bxf4 Rxf3+ 21.
Qxf3 Bxf5 22. Rh2 Qc8 23. Rg1 Na6 24. Qh5+ 1-0

[Event "YUG-chT"]
[Site "Nis"]
[Date "1994.??.??"]
[Round "?"]
[White "Velimirovic, Dragoljub"]
[Black "Vujadinovic, Goran"]
[Result "1/2-1/2"]
[WhiteElo "2490"]
[BlackElo "2355"]
[PlyCount "94"]
[EventDate "1994.10.??"]
[EventType "team"]
[EventRounds "11"]
[EventCountry "YUG"]
[Source "ChessBase"]
[SourceDate "1996.11.15"]
[WhiteTeamCountry "YUG"]
[BlackTeamCountry "YUG"]

1. e4 d6 2. d4 g6 3. Nc3 Bg7 4. f4 Nf6 5. e5 Nfd7 6. Nf3 c5 7. dxc5 dxe5 8.
fxe5 Nxe5 9. Qxd8+ Kxd8 10. Nxe5 Bxe5 11. Bc4 Be6 12. Bxe6 Bxc3+ 13. bxc3 fxe6
14. Rb1 Kc7 15. Bf4+ Kc6 16. O-O Nd7 17. Bg5 h6 18. Bxe7 Rh7 19. Bd6 e5 20.
Rbe1 Re8 21. Rf3 b6 22. Rfe3 bxc5 23. Bxe5 Rxe5 24. Rxe5 Nxe5 25. Rxe5 Kd6 26.
Re4 Rb7 27. Ra4 Kd5 28. Ra6 Rb6 29. Rxa7 Kc4 30. Ra3 g5 31. h3 Rb2 32. Ra6 Kxc3
33. Rxh6 c4 34. Rg6 Rb5 35. Rc6 Ra5 36. Kf2 Rxa2 37. Kf3 Rxc2 38. Rc5 g4+ 39.
hxg4 Kd4 40. Rc6 Rc3+ 41. Kf4 Rc2 42. Kg3 Rc3+ 43. Kh4 Rc2 44. Kh3 Ra2 45. g5
c3 46. g6 Kd3 47. Rc8 Ra6 1/2-1/2

[Event "RUS-YUG"]
[Site "Belgrade"]
[Date "1994.??.??"]
[Round "?"]
[White "Nikitin, Aleksander S"]
[Black "Velimirovic, Dragoljub"]
[Result "0-1"]
[WhiteElo "2440"]
[BlackElo "2505"]
[Annotator "Nikitin,A"]
[PlyCount "82"]
[EventDate "1994.11.??"]
[EventType "team ()"]
[EventRounds "2"]
[EventCountry "YUG"]
[Source "ChessBase"]
[SourceDate "1995.02.01"]
[WhiteTeamCountry "YUG"]
[BlackTeamCountry "YUG"]

1. d4 c5 2. d5 Nf6 3. c4 g6 4. Nc3 Bg7 5. e4 O-O 6. Bd3 d6 7. Bg5 h6 8. Bh4 a6
{N} (8... e6 9. dxe6 Bxe6 10. f4 Re8 11. Nf3 Bg4 12. O-O Nc6 13. h3 Bxf3 14.
Qxf3 Qa5 15. Rae1 $14) (8... Qa5 9. Nge2 g5 10. Bg3 Nxe4 11. Bxe4 f5 12. Bc2 f4
13. f3 fxg3 14. hxg3 $14 {Goldin/}) 9. Nge2 b5 10. cxb5 (10. O-O $6 b4 $10)
10... Qa5 11. bxa6 (11. Bxf6 $5 Bxf6 12. O-O axb5 13. Bxb5 Ba6 14. a4 $16)
11... g5 12. Bg3 Nxe4 13. Bxe4 (13. O-O $5) 13... f5 14. h4 (14. Bd3 f4 15. f3
fxg3 16. hxg3 Bxa6 17. g4 $14) 14... fxe4 15. hxg5 hxg5 16. Qd2 Rf5 17. Rh5 (
17. Rd1 $2 Bxa6 18. Nxe4 Bxe2 $1 $17) 17... Nxa6 $1 (17... Bf6 18. O-O-O $1
Bxa6 19. Nxe4 Qxa2 20. Nxf6+ exf6 21. Nc3 $16) 18. Rxg5 Nb4 $1 19. Kf1 $1 Nd3 (
19... Nxd5 20. Rxf5 Nxc3 $1 21. bxc3 Bxf5 22. Bxd6 $1 Rd8 $1 23. Qg5 $1 $16)
20. Kg1 Rf7 (20... Qb4 21. Rb1 Kh7 22. Rxf5 Bxf5 23. Qg5 Bg6 24. Qh4+ Kg8 25.
Qxe7 e3 26. Qxd6 exf2+ 27. Bxf2 $16) 21. Qe3 $1 (21. Rb1 $5 Bf5 $1 22. Qe3 Nb4
$13 23. Nf4 Nc2 24. Qe2 Nd4 25. Qh5 e3 $6 26. Rf1 $1 $36) 21... Nxb2 22. Qxe4
Qb4 23. Qg6 Ba6 24. Rc1 Bd3 25. Qe6 Kf8 26. Rg4 $1 Qb8 27. Rf4 $1 Qe8 28. Re1
$2 $10 (28. Ne4 $1 Bxe2 29. Ng5 Bh5 30. Rh4 $1 Qc8 $1 (30... Rf6 $2 31. Nh7#) (
30... Nd3 31. Rxh5 $1 Nxc1 32. Qg6 Ne2+ 33. Kh2 Nxg3 (33... Rf6 34. Rh8+ $1
Bxh8 35. Nh7#)) 31. Rxh5 Qxe6 32. dxe6 Rf6 33. Nh7+ $16) 28... Bxe2 $1 29. Nxe2
Nd3 30. Rd1 $2 (30. Rb1 $1 Nxf4 31. Nxf4 Rf6 32. Qe2 $14) 30... Nxf4 31. Nxf4
Rf6 32. Qe2 Qf7 33. Ne6+ Kg8 34. Rb1 $146 Rf5 35. a4 $2 $138 (35. Rb7 Rxd5 36.
Nxg7 Qxg7 37. Rxe7 Qa1+ 38. Kh2 Qh8+ 39. Kg1 Qa1+ $10) 35... Rxa4 $1 36. Qb5 $2
(36. f4 Bd4+ 37. Kf1 $15) 36... Rg4 $1 $19 37. Qc6 Kh7 38. Rb3 Bd4 39. Bf4
Rfxf4 40. Rh3+ Kg6 41. Qc8 Rxg2+ 0-1

[Event "YUG-chT2"]
[Site "Tivat"]
[Date "1995.??.??"]
[Round "1"]
[White "Velimirovic, Dragoljub"]
[Black "Marjanovic, Slavoljub"]
[Result "1/2-1/2"]
[WhiteElo "2520"]
[BlackElo "2425"]
[PlyCount "58"]
[EventDate "1995.??.??"]
[EventType "team"]
[EventRounds "11"]
[EventCountry "YUG"]
[Source "ChessBase"]
[SourceDate "2001.11.25"]
[WhiteTeamCountry "YUG"]
[BlackTeamCountry "YUG"]

1. e4 e6 2. d4 d5 3. Nc3 dxe4 4. Nxe4 Nd7 5. Nf3 Be7 6. Bd3 Ngf6 7. Nxf6+ Bxf6
8. c3 c5 9. O-O cxd4 10. cxd4 O-O 11. Qc2 g6 12. Bf4 Nb6 13. Bc7 Qe7 14. Be4
Nd5 15. Bg3 Rd8 16. Rac1 b6 17. Bxd5 Rxd5 18. Qe4 Ba6 19. Rc7 Qb4 20. Re1 Rf8
21. b3 Bb5 22. h3 a5 23. Be5 Bxe5 24. dxe5 Qxe4 25. Rxe4 h6 26. Re3 Bd3 27. Kh2
Rfd8 28. Re7 R5d7 29. Rxd7 Rxd7 1/2-1/2

[Event "YUG-chT2"]
[Site "Tivat"]
[Date "1995.??.??"]
[Round "2"]
[White "Velimirovic, Dragoljub"]
[Black "Tringov, Georgi"]
[Result "0-1"]
[WhiteElo "2520"]
[BlackElo "2430"]
[PlyCount "85"]
[EventDate "1995.??.??"]
[EventType "team"]
[EventRounds "11"]
[EventCountry "YUG"]
[Source "ChessBase"]
[SourceDate "2001.11.25"]
[WhiteTeamCountry "YUG"]
[BlackTeamCountry "YUG"]

1. e4 c5 2. Nf3 e6 3. d4 cxd4 4. Nxd4 Nf6 5. Nc3 d6 6. Be3 a6 7. Bc4 Be7 8. Bb3
O-O 9. f4 Nbd7 10. O-O Nc5 11. e5 dxe5 12. fxe5 Nfd7 13. Qh5 g6 14. Qe2 Qc7 15.
Bh6 Qxe5 16. Qxe5 Nxe5 17. Bxf8 Bxf8 18. Rae1 Bg7 19. Ne4 Nxe4 20. Rxe4 Bd7 21.
Rd1 Be8 22. c3 b5 23. Nf3 Nxf3+ 24. gxf3 a5 25. Bc2 Bc6 26. Re3 b4 27. Kg2 Rc8
28. Red3 Bf6 29. c4 Be7 30. b3 f5 31. Re1 Kf7 32. Bd1 g5 33. Be2 Bc5 34. h3 h5
35. Kg3 Kf6 36. Red1 f4+ 37. Kh2 g4 38. Rd8 Rxd8 39. Rxd8 Be3 40. hxg4 hxg4 41.
Rc8 Bxf3 42. Bd3 g3+ 43. Kh3 0-1

[Event "YUG-chT2"]
[Site "Tivat"]
[Date "1995.??.??"]
[Round "3"]
[White "Jovicic, Milos"]
[Black "Velimirovic, Dragoljub"]
[Result "0-1"]
[WhiteElo "2385"]
[BlackElo "2520"]
[PlyCount "102"]
[EventDate "1995.??.??"]
[EventType "team"]
[EventRounds "11"]
[EventCountry "YUG"]
[Source "ChessBase"]
[SourceDate "2001.11.25"]
[WhiteTeamCountry "YUG"]
[BlackTeamCountry "YUG"]

1. Nf3 c5 2. c4 g6 3. d4 Bg7 4. e4 cxd4 5. Nxd4 Nc6 6. Be3 Nf6 7. Nc3 Ng4 8.
Qxg4 Nxd4 9. Qd1 Ne6 10. Rc1 d6 11. b4 a5 12. a3 O-O 13. Qd2 axb4 14. axb4 Ra3
15. Nd5 Rb3 16. Be2 Rb2 17. Qd3 Re8 18. O-O Nc7 19. Rb1 Nxd5 20. cxd5 Rxb1 21.
Qxb1 Bd7 22. Rc1 Qb8 23. b5 Rc8 24. b6 f5 25. exf5 Bxf5 26. Rxc8+ Qxc8 27. Qb5
Kf7 28. h3 Qc3 29. Bg4 Bxg4 30. hxg4 Be5 31. g3 Bd4 32. Bxd4 Qxd4 33. g5 Qd1+
34. Kg2 Qd2 35. Qc4 Qxg5 36. f4 Qf5 37. Kf3 Qb1 38. Qd4 Qc2 39. g4 Qb3+ 40. Kg2
Qc2+ 41. Kf3 Qc1 42. g5 Qc5 43. Qxc5 dxc5 44. Ke4 Ke8 45. Kd3 Kd7 46. Kc3 e6
47. Kc4 exd5+ 48. Kxd5 c4 49. Kxc4 Kc6 50. Kd4 Kxb6 51. f5 gxf5 0-1

[Event "YUG-chT2"]
[Site "Tivat"]
[Date "1995.??.??"]
[Round "4"]
[White "Velimirovic, Dragoljub"]
[Black "Gligoric, Svetozar"]
[Result "1/2-1/2"]
[WhiteElo "2520"]
[BlackElo "2455"]
[PlyCount "21"]
[EventDate "1995.??.??"]
[EventType "team"]
[EventRounds "11"]
[EventCountry "YUG"]
[Source "ChessBase"]
[SourceDate "2001.11.25"]
[WhiteTeamCountry "YUG"]
[BlackTeamCountry "YUG"]

1. e4 e5 2. Nf3 Nc6 3. Bb5 a6 4. Ba4 Nf6 5. O-O Be7 6. Bxc6 dxc6 7. d3 Nd7 8.
Nbd2 O-O 9. Nc4 f6 10. Nh4 Nc5 11. Be3 1/2-1/2

[Event "YUG-chT2"]
[Site "Tivat"]
[Date "1995.??.??"]
[Round "5"]
[White "Misailovic, Nebojsa"]
[Black "Velimirovic, Dragoljub"]
[Result "0-1"]
[WhiteElo "2385"]
[BlackElo "2520"]
[PlyCount "146"]
[EventDate "1995.??.??"]
[EventType "team"]
[EventRounds "11"]
[EventCountry "YUG"]
[Source "ChessBase"]
[SourceDate "2001.11.25"]
[WhiteTeamCountry "YUG"]
[BlackTeamCountry "YUG"]

1. e4 c5 2. Nf3 Nc6 3. d4 cxd4 4. Nxd4 g6 5. c4 Nf6 6. Nc3 d6 7. Be2 Nxd4 8.
Qxd4 Bg7 9. O-O O-O 10. Bg5 Be6 11. Qe3 Qb6 12. Rab1 Rfc8 13. b3 Qxe3 14. Bxe3
Ng4 15. Bd2 Be5 16. h3 Nf6 17. Bd3 a6 18. a4 Nd7 19. Nd5 Bxd5 20. exd5 Nc5 21.
Be2 Ne4 22. Rfd1 a5 23. Bd3 Nxd2 24. Rxd2 Kf8 25. Re2 Bf6 26. b4 axb4 27. Rxb4
Rc7 28. Ra2 h5 29. g3 Bd4 30. Kg2 Kg7 31. Rb3 b6 32. Be2 e5 33. dxe6 fxe6 34.
Rb5 Rf8 35. f3 Bc5 36. Rb1 Ra7 37. Re1 Kf6 38. Bd3 Rc8 39. Rae2 e5 40. Ra2 Bd4
41. Rb1 h4 42. g4 Ra5 43. Rf1 Kg5 44. Rb1 Rc7 45. Rb5 Rca7 46. Rxa5 bxa5 47.
Be4 Ra6 48. Re2 Rb6 49. Ra2 Rb4 50. Bd5 Kf4 51. Bf7 Kg5 52. Bd5 Kf6 53. Bg8 g5
54. Bd5 Ke7 55. Bg8 Kd7 56. Bd5 Kc7 57. Bf7 Kb6 58. Be6 Kc5 59. Bf7 Rb1 60. Be6
Kb4 61. Kh2 Bc5 62. Bf5 Rc1 63. Bd7 Rxc4 64. Rb2+ Kc3 65. Rb8 Rb4 66. Ra8 Rb2+
67. Kh1 Bb6 68. Bb5 Kd4 69. Ra6 Bc5 70. Rxa5 Ke3 71. Bf1 Kf2 72. Rb5 Rd2 73. f4
exf4 0-1

[Event "YUG-chT2"]
[Site "Tivat"]
[Date "1995.??.??"]
[Round "6"]
[White "Velimirovic, Dragoljub"]
[Black "Poluljahov, Aleksandr"]
[Result "0-1"]
[WhiteElo "2520"]
[BlackElo "2450"]
[PlyCount "104"]
[EventDate "1995.??.??"]
[EventType "team"]
[EventRounds "11"]
[EventCountry "YUG"]
[Source "ChessBase"]
[SourceDate "2001.11.25"]
[WhiteTeamCountry "YUG"]
[BlackTeamCountry "YUG"]

1. e4 c5 2. Nf3 e6 3. d4 cxd4 4. Nxd4 Nc6 5. Nc3 Qc7 6. Be2 a6 7. O-O Nf6 8.
Kh1 Be7 9. f4 d6 10. a4 O-O 11. Be3 Re8 12. Bd3 Nb4 13. a5 Bd7 14. g4 Bc6 15.
f5 d5 16. fxe6 fxe6 17. Nxe6 Qd7 18. Nxg7 dxe4 19. Bc4+ Kxg7 20. g5 Qxd1 21.
gxf6+ Bxf6 22. Raxd1 Nxc2 23. Bh6+ Kxh6 24. Rxf6+ Kg5 25. Rf7 Rf8 26. Rxh7 Ne3
27. Rg1+ Kf6 28. Bb3 Nf5 29. Bd5 Ke5 30. Bxc6 bxc6 31. Re1 e3 32. Rh5 Kf4 33.
Rh7 Rab8 34. Re2 Rh8 35. Rxh8 Rxh8 36. Re1 Rb8 37. Re2 Kf3 38. Rg2 Nd4 39. Kg1
e2 40. Rg3+ Kf4 41. Kf2 Rxb2 42. Rh3 c5 43. Rh4+ Kg5 44. Re4 Kf5 45. Re8 c4 46.
h4 Rc2 47. Nxe2 c3 48. Ke1 Nxe2 49. Rxe2 Rc1+ 50. Kf2 Kf4 51. Re1 Rc2+ 52. Kf1
Rh2 0-1